| 000 | 02433nam0a2200337 4500 | ||
|---|---|---|---|
| 001 | RU\NLR\bibl\1111962 | ||
| 005 | 20260407144224.0 | ||
| 021 |
_aRU _b2007-40150 _92152 |
||
| 035 | _a(NLR Aleph) 001098995 | ||
| 090 |
_a1166143 _c1166143 |
||
| 100 | _a20070723d2007 |||y0rusy50 ca | ||
| 101 | 0 | _arus | |
| 102 | _aRU | ||
| 105 | _ay ||||||||| | ||
| 200 | 1 |
_aПрограммно-методическое обеспечение учебно-воспитательной деятельности образовательных учреждений для детей, оставшихся без попечения родителей _e(материалы для логопедов) _fДеп. образования г. Москвы, Учеб.-метод. центр по пробл. опеки, попечительства и социал.-пед. реабилитации детей и подростков "Детство" _g[сост. В.В. Васин и др.] _gотв. ред. В.И. Раздин |
|
| 210 |
_aМосква _cЦентр "Школьная книга" _d2007 |
||
| 215 |
_a107 с. _d21 |
||
| 225 | 1 | _aСерия: Методическое обеспечение содержания обучения и воспитания детей-сирот | |
| 606 | 1 |
_aОбразовательные учреждения для детей-сирот и детей, оставшихся без попечения родителей _xУчебно-воспитательная работа _xМетодическое обеспечение _92518777 _3RU\NLR\auth\661492708 |
|
| 606 | 1 |
_aОбразовательные учреждения для детей-сирот и детей, оставшихся без попечения родителей _xЛогопедическая помощь _92518778 _3RU\NLR\auth\661492709 |
|
| 686 | _aЧ421.46 | ||
| 686 | _aЧ424(2Р)719.22к9 | ||
| 686 | _aЧ437.42 | ||
| 702 | 1 |
_aВасяева _bВ. В. _4220 |
|
| 702 | 1 |
_aРаздин _bВ. И. _4340 |
|
| 712 | 0 | 2 |
_4570 _a"Детство", учебно-методический центр по проблемам опеки, попечительства и социально-педагогической реабилитации детей и подростков _cМосква _3RU\NLR\AUTH\8810087727 _9677089 |
| 801 | 0 |
_aRU _bNLR _c20070723 _gRCR |
|
| 801 | 1 |
_aRU _bNLR _c20070723 |
|
| 942 | _cBOOK | ||
| 980 | _aNB | ||